000
00315nam a22001457a 4500
999
_c
54912
_d
54912
008
190925b ||||| |||| 00| 0 eng d
020
_a
9780071549677
041
_a
eng
080
_2
004
_a
004
082
_2
004
100
_a
28
101
_a
SHKI
245
_a
Facebook Applications
_c
Feiler,J
942
_2
udc
_c
BK